|
|
|
|
| LEADER |
00000cam a2200000 4500 |
| 001 |
vtls011905628 |
| 003 |
SK-MaSNL |
| 005 |
20260301144849.0 |
| 008 |
200507s2019 xo a jr 000 f slo |
| 015 |
|
|
|a SNBA2020/01
|
| 020 |
|
|
|a 9788081428616
|q (viazané)
|
| 035 |
|
|
|a urn:nbn:sk:snk-am00dxnc
|
| 035 |
|
|
|a urn:nbn:sk:snk-am3i8qt
|
| 035 |
|
|
|a 5FACB2E0-8EA9-40D9-8AF9-F04FAC3563D7
|
| 040 |
|
|
|a SNK
|b slo
|c SNK
|e rda
|
| 041 |
1 |
|
|a slo
|k cze
|h ger
|
| 044 |
|
|
|a xo
|c SK
|
| 072 |
|
7 |
|a 821
|x Literatúry v rôznych jazykoch
|2 konspekt
|
| 072 |
|
7 |
|a 821-93
|x Literatúra pre deti a mládež (beletria)
|2 konspekt
|
| 080 |
|
|
|a 82=025
|2 2011
|
| 080 |
|
|
|a 821(494)-31
|2 2011
|
| 080 |
|
|
|a 82-93-053.4/.5
|2 2011
|
| 100 |
1 |
|
|a Spyri, Johanna,
|d 1827-1901
|4 aut
|9 211554
|
| 240 |
1 |
0 |
|a Heidi, děvčátko z hor
|l Slovensky
|
| 245 |
1 |
0 |
|a Heidi, dievčatko z hôr
|c Johanna Spyriová ; prerozprávala Jitka Škápíková ; ilustrovala Sofie Helfertová
|
| 250 |
|
|
|a Prvé vydanie
|
| 264 |
|
1 |
|a Bratislava
|b Fortuna Libri
|c 2019
|
| 300 |
|
|
|a 99 strán
|b farebné ilustrácie
|c 26 cm
|
| 336 |
|
|
|a text
|b txt
|2 rdacontent
|
| 337 |
|
|
|a bez média
|b n
|2 rdamedia
|
| 338 |
|
|
|a zväzok
|b nc
|2 rdacarrier
|
| 490 |
1 |
|
|a Fortuna Junior
|
| 500 |
|
|
|a Obsahuje biografické údaje o autorkách
|
| 500 |
|
|
|a Preložené z českého prekladu nemeckého originálu
|
| 650 |
0 |
7 |
|a literárne adaptácie
|2 SNKPH
|9 1426
|
| 650 |
0 |
7 |
|a Literary adaptations
|2 SNKPHeng
|9 151106
|
| 655 |
|
7 |
|a švajčiarske romány (nemecky)
|2 SNKPH
|9 70789
|
| 655 |
|
7 |
|a literatúra pre deti
|2 SNKPH
|9 87135
|
| 655 |
|
7 |
|a Children's literature
|2 SNKPHeng
|9 276039
|
| 655 |
|
7 |
|a Swiss fiction
|2 SNKPHeng
|9 318302
|
| 700 |
1 |
|
|a Helfert, Sofie
|4 ill
|9 503797
|
| 700 |
1 |
|
|a Škvarnová, Otília,
|d 1953-
|4 trl
|9 213785
|
| 700 |
1 |
|
|a Škápíková, Jitka,
|d 1967-
|4 adp
|9 336373
|
| 830 |
|
0 |
|a Fortuna Junior
|9 329576
|
| 919 |
|
|
|a 978-80-8142-861-6
|
| 958 |
|
|
|a LX
|
| 958 |
|
|
|a UP
|
| 958 |
|
|
|a DB
|
| 968 |
|
|
|a SLO
|b DT
|c ČES
|
| 999 |
|
|
|c 778421
|d 780351
|
| 952 |
|
|
|a SNK
|b SNK
|y PREZ
|7 0
|p 17A1413791
|o snkSB 95051
|i snk2020/789
|8 0
|0 0
|1 0
|4 0
|d 2020-01-15
|f 1
|l 0
|r 2025-05-15 00:00:00
|w 2026-02-24
|
| 952 |
|
|
|a SNK
|b SNK
|y PREZ
|7 0
|p 17A1413792
|o snkSB 95051 D1
|i snk2020/790
|8 0
|0 0
|1 0
|4 0
|d 2020-01-15
|l 0
|r 2026-02-24 00:56:30
|w 2026-02-24
|